MARC

LEADER 00000nam0a2200000 4500
001 316584
005 20231102002905.0
020 |a RU  |b 82-73216 
035 |a (RuTPU)RU\TPU\book\342035 
090 |a 316584 
100 |a 20160324d1982 km y0rusy5003 ca 
101 0 |a rus 
102 |a RU 
105 |a a z 001zy 
200 1 |a Опреснение воды и ее использование в системах водного хозяйства промышленные предприятий  |e сборник научных трудов  |f Комплексный научно-исследовательский и конструкторско-технологический институт водоснабжения, канализации, гидротехнических сооружений и инженерной гидрогеологии (НИИ ВОДГЕО) ; под ред. А. И. Егорова 
210 |a Москва  |c Изд-во ВНИИ "ВОДГЕО"  |d 1982 
215 |a 48,3 с.  |c ил. 
320 |9 572  |a Библиогр. в конце ст. 
606 1 |a Промышленные предприятия  |x Водное хозяйство  |x Водоснабжение  |2 stltpush  |3 (RuTPU)RU\TPU\subj\52587  |9 70999 
610 1 |a опреснение 
610 1 |a использование 
610 1 |a вода 
610 1 |a питьевое водоснабжение 
610 1 |a опреснительные установки 
610 1 |a дистилляраторы 
610 1 |a оборотные системы 
675 |a 658.265  |z rus  |v 3 
702 1 |a Егоров  |b А. И.  |g Александр Иванович  |4 340 
712 0 2 |a Комплексный научно-исследовательский и конструкторско-технологический институт водоснабжения, канализации, гидротехнических сооружений и инженерной гидрогеологии (НИИ ВОДГЕО)  |c (Москва)  |c (1991- )  |2 stltpush  |3 (RuTPU)RU\TPU\col\2927 
801 0 |a RU  |b RuMRKP  |c 19950704  |g psbo 
801 1 |a RU  |b 63413507  |c 20160324 
801 2 |a RU  |b 63413507  |c 20200717  |g RCR 
942 |c BK